000 00509nam a2200217Ia 4500
005 20241216010043.0
008 180423s9999||||xx |||||||||||||| ||und||
082 _a370
_bM16
100 _aMAGER, ROBERT F.
245 0 _aANALISIS DE METAS
250 _a0
260 _aMEXICO
_bTRILLAS
_c1973
300 _a150 pag.
_c21 cm
341 _h0
490 _v0
_a0
505 _aNALISIS-METAS (EDUCACION)
541 _aC
_d07-Dec-93
650 _aCIENCIAS SOCIALES
856 _zHumanidades
942 _cLIBRO
999 _c4327
_d4327